zpět

Detail výsledku týmu

Studentský klub, Opava

Datum a čas kvízu

35 Celkem bodů Celkový počet nahraných bodů na tomto kvízu bez doplňovacích otázek.
2. Pořadí na kvízu Konečné umístění týmu na tomto kvízu.

Zaznamenané odpovědi

# Otázka Odpověď Body Výsledky
1. Česká advokátní komora uložila... 1
2. Nejmodernější typ policejního... 1
3. Ve zlínském obchodním a zábavn... 1
4. Po deseti letech končí udílení... 0
5. Velká fotbalová legenda se sta... 1
6. Dědictví aneb Kurvahošigutntag... 0
7. Bohuš: "Není to ___, ten Kája?... 0
8. Kterou značku cigaret má Bohuš... 1
9. Kterou polévku si objednal prá... 1
10. Pták, kterého Bohuš koupil Ire... 1